| 000 | 00830nam a2200241 a 4500 | ||
|---|---|---|---|
| 999 |
_c6152 _d6152 |
||
| 001 | 6152 | ||
| 003 | BD-JhCC | ||
| 005 | 20220907134024.0 | ||
| 008 | 180114s1995 b |||| || | 000 0 b d | ||
| 020 | _a984060201 | ||
| 035 | _a(BD-JhCC)6152 | ||
| 040 |
_aBD-JhCC _dBD-JhCC |
||
| 041 | _aeng | ||
| 082 |
_a340.59 _bRAH 1995 |
||
| 100 | _a রহমান, গাজী শামছুর | ||
| 245 |
_aবিধিবদ্ধ ইসলামী আইন / _cগাজী শামছুর রহমান |
||
| 260 |
_aঢাকা : _bইসলামিক ফাউন্ডেশন বাংলাদেশ, _c1995 |
||
| 300 |
_a757 p. : _c20 cm. |
||
| 505 | _acopy 1- volume 1 (1st part); copy 2- volume 1 (2nd part); copy 3- volume 1 (3rd pert) | ||
| 650 | _aIslamic Law | ||
| 942 |
_2ddc _cBK _02 |
||